|
|
|
|
| LEADER |
01547nam a22002777a 4500 |
| 001 |
39608 |
| 003 |
BD-DhAAL |
| 008 |
221016t1990 bg ||||| b||| 001 0 ben d |
| 999 |
|
|
|c 44960
|d 44960
|
| 040 |
|
|
|a BD-DhAAL
|c BD-DhAAL
|
| 041 |
|
|
|a ben
|
| 082 |
|
|
|a 891.440995492
|
| 100 |
|
|
|a কাইউম, মোহাম্মদ আবদুল
|9 51842
|
| 245 |
|
|
|a চকবাজারের কেতাবপট্টি :
|b উনিশ শতকে ঢাকার মুসলিম সাহিত্য সাধনা /
|c মোহাম্মদ আবদুল কাইউম
|
| 246 |
|
|
|a Chowkbazarer ketabputti [ketabputti of Chowbazar]
|
| 260 |
|
|
|a ঢাকা :
|b ঢাকা নগর জাদুঘর,
|c ১৯৯০.
|
| 300 |
|
|
|a ৮০ পৃষ্ঠা ;
|c ২২ সে.মি.
|
| 490 |
|
|
|a ঢাকা গ্রন্থমালা ১
|
| 504 |
|
|
|a গ্রন্থপঞ্জিগত নির্দেশিকা ও নির্ঘণ্ট অন্তর্ভুক্ত।
|
| 541 |
|
|
|a Donated By Akbar Ali Khan
|e 39608
|
| 650 |
|
|
|a Bengali literature
|z Bangladesh
|x History and criticism.
|9 51843
|
| 650 |
|
|
|a Bengali literature
|z Muslim authors
|x History and criticism.
|9 51844
|
| 830 |
|
|
|a ঢাকা গ্রন্থমালা ১
|9 51845
|
| 852 |
|
|
|a Ayesha Abed Library
|c Akbar Ali Khan Collection
|
| 942 |
|
|
|2 ddc
|c BK
|
| 952 |
|
|
|0 0
|1 0
|2 ddc
|4 0
|6 891_440995492000000_QAY
|7 1
|9 72081
|a BRACUL
|b BRACUL
|c AAKC
|d 2022-10-16
|e Donated by Akbar Ali Khan
|l 0
|o 891.440995492 QAY
|p 3010039608
|r 2022-10-16
|t 1
|w 2022-10-16
|y BK
|